000
00216nam a2200097Ia 4500
008
220204s9999 xx 000 0 und d
082
_a
82-3
_b
GLA
100
_a
Glassford, Wilfred
245
0
_a
Alpha omega
942
_c
BK
999
_c
33527
_d
33527